Language Quiz

Random Language or Letter Quiz

2 Steps from Maroon Quiz Stats

 Plays Quiz Updated Nov 12, 2014

Challenge
Share
Tweet
Embed
Score 0/16 Timer 03:00
3 Plays Today
Clue Answer % Correct
An old west pubsaloon
97.8%
A gregarious primatebaboon
87.6%
Notorious serial killer CharlesManson
86.5%
Blood-making pith inside bonesmarrow
83.1%
Johnny who hosted the Tonight ShowCarson
83%
The essential element of organic chemistrycarbon
79.5%
Language that's highly, specifically technicaljargon
65.2%
The French word for housemaison
63.7%
Clue Answer % Correct
Former leader of the Philippines FerdinandMarcos
51.2%
Actress Kidder of 'Superman'Margot
51.2%
A usually Protestant clergymanparson
42.7%
American pianist Jelly RollMorton
29.6%
A sport fish from warm Atlantic waterstarpon
25.1%
A strip of fatty meat used in cookinglardon
24.9%
A slender weasel wanted for its furmarten
24.3%
The embodiment of greed in the BibleMammon
14.8%

You're not logged in!

Compare scores with friends on all Sporcle quizzes.
OR
Log In

You Might Also Like...

Show Comments

Extras

Top Quizzes Today


Score Distribution

Your Account Isn't Verified!

In order to create a playlist on Sporcle, you need to verify the email address you used during registration. Go to your Sporcle Settings to finish the process.

Report this User

Report this user for behavior that violates our Community Guidelines.

Details: